| 000 -LEADER |
| fixed length control field |
01593pam a22003854a 4500 |
| 001 - CONTROL NUMBER |
| control field |
5570545 |
| 003 - CONTROL NUMBER IDENTIFIER |
| control field |
OSt |
| 005 - DATE AND TIME OF LATEST TRANSACTION |
| control field |
20211012123745.0 |
| 008 - FIXED-LENGTH DATA ELEMENTS--GENERAL INFORMATION |
| fixed length control field |
050817s2007 iaua b 001 0 eng |
| 010 ## - LIBRARY OF CONGRESS CONTROL NUMBER |
| LC control number |
2005023850 |
| 020 ## - INTERNATIONAL STANDARD BOOK NUMBER |
| International Standard Book Number |
9780070648142 |
| 024 3# - OTHER STANDARD IDENTIFIER |
| Standard number or code |
9780072963052 |
| 035 ## - SYSTEM CONTROL NUMBER |
| System control number |
(OCoLC)ocm61309313 |
| 035 ## - SYSTEM CONTROL NUMBER |
| System control number |
(NNC)5570545 |
| 038 ## - RECORD CONTENT LICENSOR |
| Staff Name |
khadija |
| 040 ## - CATALOGING SOURCE |
| Original cataloging agency |
DLC |
| Transcribing agency |
DLC |
| Modifying agency |
BAKER |
| -- |
C#P |
| -- |
OrLoB-B |
| 042 ## - AUTHENTICATION CODE |
| Authentication code |
pcc |
| 050 00 - LIBRARY OF CONGRESS CALL NUMBER |
| Classification number |
TJ163.12 |
| Item number |
.H57 2008 |
| 082 00 - DEWEY DECIMAL CLASSIFICATION NUMBER |
| Classification number |
621 |
| Edition number |
22 |
| Author Mark |
ALC |
| 100 1# - MAIN ENTRY--PERSONAL NAME |
| Personal name |
Alciatore, David G. |
| 9 (RLIN) |
83061 |
| 245 10 - TITLE STATEMENT |
| Title |
Introduction to Mechatronics and Measurement Systems / |
| Statement of responsibility, etc. |
David G. Alciatore, Michael B. Histand. |
| 250 ## - EDITION STATEMENT |
| Edition statement |
3rd ed. |
| 260 ## - PUBLICATION, DISTRIBUTION, ETC. |
| Place of publication, distribution, etc. |
Dubuque, IA : |
| Name of publisher, distributor, etc. |
McGraw-Hill, |
| Date of publication, distribution, etc. |
c2007. |
| 300 ## - PHYSICAL DESCRIPTION |
| Extent |
xxiii, 509 p. : |
| Other physical details |
ill. ; |
| Dimensions |
24 cm. |
| 504 ## - BIBLIOGRAPHY, ETC. NOTE |
| Bibliography, etc. note |
Includes bibliographical references and index. |
| 505 00 - FORMATTED CONTENTS NOTE |
| Miscellaneous information |
Ch. 1. |
| Title |
Introduction -- |
| Miscellaneous information |
Ch. 2. |
| Title |
Electric circuits and components -- |
| Miscellaneous information |
Ch. 3. |
| Title |
Semiconductor electronics -- |
| Miscellaneous information |
Ch. 4. |
| Title |
System response -- |
| Miscellaneous information |
Ch. 5. |
| Title |
Analog signal processing using operational amplifiers -- |
| Miscellaneous information |
Ch. 6. |
| Title |
Digital circuits -- |
| Miscellaneous information |
Ch. 7. |
| Title |
Microcontroller programming and interfacing -- |
| Miscellaneous information |
Ch. 8. |
| Title |
Data acquisition -- |
| Miscellaneous information |
Ch. 9. |
| Title |
Sensors -- |
| Miscellaneous information |
Ch. 10. |
| Title |
Actuators -- |
| Miscellaneous information |
Ch. 11. |
| Title |
Mechatronic systems - control architectures and case studies. |
| 563 ## - BINDING INFORMATION |
| Binding note |
PB |
| 650 #0 - SUBJECT ADDED ENTRY--TOPICAL TERM |
| Topical term or geographic name entry element |
Mechatronics. |
| 9 (RLIN) |
35774 |
| 650 #0 - SUBJECT ADDED ENTRY--TOPICAL TERM |
| Topical term or geographic name entry element |
Measurement. |
| 9 (RLIN) |
35886 |
| 700 1# - ADDED ENTRY--PERSONAL NAME |
| Personal name |
Histand, Michael B. |
| 9 (RLIN) |
83062 |
| 856 41 - ELECTRONIC LOCATION AND ACCESS |
| Materials specified |
Table of contents |
| Uniform Resource Identifier |
<a href="http://www.loc.gov/catdir/toc/ecip0517/2005023850.html">http://www.loc.gov/catdir/toc/ecip0517/2005023850.html</a> |
| 900 ## - EQUIVALENCE OR CROSS-REFERENCE-PERSONAL NAME [LOCAL, CANADA] |
| Numeration |
TOC |
| 942 ## - ADDED ENTRY ELEMENTS (KOHA) |
| Source of classification or shelving scheme |
|
| Koha item type |
Book |
| 948 1# - LOCAL PROCESSING INFORMATION (OCLC); SERIES PART DESIGNATOR (RLIN) |
| Series part designator, SPT (RLIN) |
20060308 |
| b (OCLC) |
c |
| c (OCLC) |
rad1 |
| d (OCLC) |
MPS |